000 00386nam a2200181Ia 4500
001 14278
005 20260306164902.0
008 260306t2007||||xx |||||||||||||| ||spa||
041 _aESP
082 _a511.074
_bB17
100 _aBaldor, Aurelio
_eAUT
245 0 _aAritmética
260 _c2007
300 _a
_c
650 _aGEN
654 _aCMA
942 _cLIB
_dJUS
_fJUS
_2ddc
_n
999 _c14278
_d14278